000 01127cam a2200313 i 4500
999 _c268
_d268
001 18831640
003 GZU
005 20200716113816.0
008 151026s2017 caua b 001 0 eng
010 _a 2015039163
020 _a9781483368856 (hardcover : alk. paper)
040 _aDLC
_beng
_cDLC
_erda
_dDLC
042 _apcc
050 0 0 _aBF713
_b.K87 2017
082 0 0 _a155
_223
100 1 _aKuther, Tara L.,
_eauthor.
245 1 0 _aLifespan development :
_blives in context /
_cTara L. Kuther Western Connecticut State University.
264 1 _aLos Angeles :
_bSAGE,
_c[2017]
300 _axxiii, 534 pages, 159 various pagings :
_billustrations ;
_c29 cm
336 _atext
_2rdacontent
337 _aunmediated
_2rdamedia
338 _avolume
_2rdacarrier
504 _aIncludes bibliographical references and index.
650 0 _aDevelopmental psychology.
650 0 _aLife cycle, Human.
906 _a7
_bcbc
_corignew
_d1
_eecip
_f20
_gy-gencatlg
942 _2lcc
_cBK
_h713
_iKUT
_kBF
_m2017